[Event "AUTO-MASTER-2743"]
[Site "http://www.queenalice.com/game.php?id=1555795"]
[Date "2019.1.8"]
[Round "2"]
[White "InnerPiece"]
[Black "Rachman"]
[Result "1-0"]
[WhiteElo "2392"]
[BlackElo "2370"]

1. e4 e6 2. d3 d5 3. Nd2 Nf6 4. Ngf3 c5 5. g3 Nc6 6. Bg2 Be7 7. O-O O-O 8. Re1
Qc7 9. c3 h6 10. e5 Nd7 11. Qe2 b5 12. c4 bxc4 13. dxc4 d4 14. Nf1 Bb7 15. Bf4
Nb4 16. h4 d3 17. Qd1 Nc2 18. Qxd3 Nxa1 19. Rxa1 Rad8 20. Qe2 Rb8 21. Rb1 Rfd8
22. b3 a5 23. N1d2 Bc6 24. Ne4 a4 25. Nh2 Qb7 26. Re1 axb3 27. axb3 Qxb3 28. Ng4
Kf8 29. Nxh6 gxh6 30. Nd6 Bxd6 31. exd6 Bxg2 32. Qg4 Ne5 33. Bxe5 Qf3 34. Qg7+
Ke8 35. Bf4 Rb7 36. Ra1 Qh5 37. Bxh6 Kd7 38. Qf6 Re8 39. Kxg2 Qg6 40. Bg5 1-0

[Event "AUTO-MASTER-2734"]
[Site "http://www.queenalice.com/game.php?id=1556481"]
[Date "2019.1.13"]
[Round "2"]
[White "InnerPiece"]
[Black "CCapivara"]
[Result "1-0"]
[WhiteElo "2395"]
[BlackElo "2278"]

1. e4 d6 2. d3 e5 3. Nf3 f5 4. g3 Nf6 5. Nc3 Be7 6. Bg2 c6 7. O-O O-O 8. Re1
fxe4 9. dxe4 Bg4 10. Qd3 Nbd7 11. b4 a5 12. Nh4 axb4 13. Qc4+ d5 14. exd5 Nb6
15. Qb3 bxc3 16. d6+ Kh8 17. dxe7 Qxe7 18. Qxb6 Nd5 19. Bxd5 cxd5 20. a4 Rf6 21.
Qe3 e4 22. Qxc3 Qf7 23. Be3 Rc8 24. Qd2 Rfc6 25. Rec1 h6 26. Bd4 Kh7 27. c3 Bh3
28. Qe3 g5 29. Ng2 Ra8 30. a5 Rf8 31. Rab1 Rc7 32. Rb6 Rfc8 33. Rcb1 Be6 34. h4
Rg8 35. hxg5 hxg5 36. f4 gxf4 37. Nxf4 Bf5 38. Kg2 Rg5 39. Rh1+ 1-0

[Event "AUTO-MASTER-2734"]
[Site "http://www.queenalice.com/game.php?id=1556482"]
[Date "2019.1.13"]
[Round "2"]
[White "CCapivara"]
[Black "InnerPiece"]
[Result "0-1"]
[WhiteElo "2237"]
[BlackElo "2402"]

1. e4 c5 2. Nf3 Nc6 3. d4 cxd4 4. Nxd4 g6 5. Nc3 Bg7 6. Be3 Nf6 7. Be2 O-O 8.
Qd2 d5 9. exd5 Nxd5 10. Nxd5 Qxd5 11. Nxc6 Qxc6 12. Bf3 Qb5 13. c3 Be6 14. Be2
Bc4 15. Bxc4 Qxc4 16. Qe2 Bxc3+ 17. Kf1 Qxe2+ 18. Kxe2 Be5 19. Rhd1 b6 20. Rd2
Rfc8 21. Rad1 f5 22. f4 Bf6 23. h3 Kf7 24. g3 h5 25. Kf3 Rc7 26. b3 Rac8 27. Rd7
Ke8 28. Rxc7 Rxc7 29. Rd2 e5 30. fxe5 Bxe5 31. Bf4 Rc3+ 32. Kg2 Bxf4 33. gxf4
Ke7 34. h4 Ke6 35. Rb2 Kd5 36. Re2 Kd4 37. Re6 Rc2+ 38. Kf3 Rxa2 39. Rxg6 Ra3
40. Rg5 Rxb3+ 41. Kf2 Ke4 42. Rxh5 Kxf4 43. Rh7 a5 44. h5 Rb2+ 45. Ke1 Kg5 46.
h6 f4 47. Rh8 Kg6 48. h7 Kg7 49. Rf8 Kxh7 50. Rxf4 Kg6 51. Kd1 b5 52. Kc1 Re2
53. Rd4 Kf6 54. Rd5 Re5 55. Rd6+ Kf5 56. Kc2 Rc5+ 57. Kb3 Ke5 58. Rd8 b4 59. Rd2
Rc3+ 60. Kb2 a4 61. Rd8 Ke4 62. Re8+ Kd5 63. Rd8+ Kc4 64. Rc8+ Kd3 65. Rd8+ Ke3
66. Re8+ Kd2 67. Rd8+ Rd3 68. Rb8 Rb3+ 69. Ka2 Kc2 70. Rc8+ Rc3 71. Rh8 Ra3# 0-1

[Event "AUTO-MASTER-2734"]
[Site "http://www.queenalice.com/game.php?id=1556483"]
[Date "2019.1.13"]
[Round "2"]
[White "InnerPiece"]
[Black "sallesandre88"]
[Result "1-0"]
[WhiteElo "2418"]
[BlackElo "2141"]

1. e4 e5 2. f4 d6 3. Nf3 Nc6 4. Bc4 Bg4 5. c3 Nf6 6. d3 a6 7. O-O b5 8. Bb3 Be7
9. h3 Bxf3 10. Qxf3 g6 11. Be3 O-O 12. Nd2 h5 13. f5 Kh7 14. Rad1 a5 15. Qf2 a4
16. Bc2 b4 17. Nf3 d5 18. Ng5+ Kg8 19. fxg6 fxg6 20. Ne6 Qd7 21. Nxf8 Rxf8 22.
Qg3 Kh7 23. exd5 Qxd5 24. Bxa4 bxc3 25. Bb3 Qd6 26. Qg5 Ng8 27. Bxg8+ Kxg8 28.
Rxf8+ Bxf8 29. bxc3 Ne7 30. Rd2 Nf5 31. Rf2 Qxd3 32. Qxg6+ Bg7 33. Bh6 Qd1+ 34.
Rf1 Qd7 35. Rxf5 Kh8 36. Bxg7+ Qxg7 37. Qe8+ 1-0

[Event "AUTO-MASTER-2734"]
[Site "http://www.queenalice.com/game.php?id=1556484"]
[Date "2019.1.13"]
[Round "2"]
[White "sallesandre88"]
[Black "InnerPiece"]
[Result "0-1"]
[WhiteElo "2145"]
[BlackElo "2415"]

1. e4 c5 2. Bc4 Nc6 3. Nf3 g6 4. Nc3 Bg7 5. d3 e6 6. Be3 d5 7. Bb5 d4 8. Bg5 f6
9. Na4 Qa5+ 10. Bd2 Qxb5 11. b3 Nge7 12. Nb2 O-O 13. Nc4 Nb4 14. Nd6 Qd7 15. Nc4
b5 16. Nb2 Bb7 17. O-O Nbc6 18. Bf4 g5 19. Bg3 Ng6 20. a4 a6 21. Qe2 h5 22. h3
g4 23. Nh4 Nxh4 24. Bxh4 f5 25. exf5 exf5 26. axb5 axb5 27. Qd2 Rae8 28. Qg5 Qd5
29. hxg4 Ne5 30. gxh5 Nf7 31. Qg3 f4 32. Qg4 Nh6 33. Qg5 Rf5 34. Qg6 Re6 0-1

[Event "AUTO-MASTER-2729"]
[Site "http://www.queenalice.com/game.php?id=1556728"]
[Date "2019.1.15"]
[Round "2"]
[White "InnerPiece"]
[Black "Constante"]
[Result "1/2-1/2"]
[WhiteElo "2406"]
[BlackElo "2444"]

1. e4 e6 2. d3 d5 3. Nd2 c5 4. Ngf3 Nc6 5. g3 Nf6 6. Bg2 dxe4 7. dxe4 Qc7 8. O-O
e5 9. c3 Be7 10. Re1 O-O 11. Qc2 Rd8 12. Nf1 h6 13. h4 b5 14. N1h2 Be6 15. Be3
c4 16. Rad1 a6 17. Rd2 Na5 18. Red1 Rxd2 19. Rxd2 Nb7 20. a3 Nc5 21. Nxe5 Qxe5
22. Bf4 Qh5 23. e5 Rd8 24. Rxd8+ Bxd8 25. exf6 Nd3 26. Qd2 Bxf6 27. Be4 1/2-1/2

[Event "AUTO-MASTER-2729"]
[Site "http://www.queenalice.com/game.php?id=1556729"]
[Date "2019.1.15"]
[Round "2"]
[White "Constante"]
[Black "InnerPiece"]
[Result "1-0"]
[WhiteElo "2458"]
[BlackElo "2407"]

1. e4 c5 2. Nf3 Nc6 3. Bb5 g6 4. O-O Bg7 5. Bxc6 dxc6 6. h3 Nf6 7. Re1 O-O 8. a4
Qc7 9. e5 Nd5 10. d3 b6 11. a5 Be6 12. Nbd2 h6 13. Ne4 Rad8 14. Bd2 Nb4 15. Qc1
Kh7 16. d4 Bd5 17. axb6 axb6 18. dxc5 bxc5 19. Nxc5 Bxf3 20. Bxb4 Bd5 21. Ba5
Qa7 22. Bxd8 Qxc5 23. Ba5 Rc8 24. Bc3 Qb6 25. Qd2 Qb7 26. f3 c5 27. Qe2 e6 28.
Ra4 Rc7 29. b3 Qb8 30. Rea1 1-0

[Event "AUTO-OPEN-3932"]
[Site "http://www.queenalice.com/game.php?id=1556776"]
[Date "2019.1.15"]
[Round "2"]
[White "omega3"]
[Black "InnerPiece"]
[Result "0-1"]
[WhiteElo "2299"]
[BlackElo "2402"]

1. d4 d5 2. Bf4 e6 3. e3 c5 4. c3 Nc6 5. Nd2 Nf6 6. Bd3 Bd6 7. Bg3 O-O 8. Ngf3
b6 9. Ne5 Bb7 10. f4 Ne7 11. Qf3 Rc8 12. Bf2 cxd4 13. exd4 Qc7 14. Qh3 Ne4 15.
g4 f6 16. Ndf3 fxe5 17. fxe5 Ba3 0-1

[Event "AUTO-OPEN-3932"]
[Site "http://www.queenalice.com/game.php?id=1556777"]
[Date "2019.1.15"]
[Round "2"]
[White "InnerPiece"]
[Black "omega3"]
[Result "1-0"]
[WhiteElo "2408"]
[BlackElo "2272"]

1. e4 c5 2. d3 Nc6 3. Nf3 e6 4. g3 g6 5. Bg2 Bg7 6. O-O Nge7 7. c3 O-O 8. Re1 d6
9. a4 e5 10. Na3 h6 11. Nc2 Be6 12. c4 Qd7 13. Bd2 a6 14. b4 b6 15. b5 Nd4 16.
Nfxd4 exd4 17. f4 Bg4 18. Qc1 Kh7 19. e5 d5 20. Na3 a5 21. cxd5 Nxd5 22. Nc4
Rab8 23. Be4 Bf5 24. Nd6 Ne7 25. Nxf5 Nxf5 26. Qc4 1-0

[Event "AUTO-OPEN-3932"]
[Site "http://www.queenalice.com/game.php?id=1556786"]
[Date "2019.1.15"]
[Round "2"]
[White "InnerPiece"]
[Black "Scharlatan"]
[Result "1-0"]
[WhiteElo "2402"]
[BlackElo "1970"]

1. e4 e6 2. d3 c5 3. Nf3 d6 4. g3 Nf6 5. Bg2 Be7 6. O-O O-O 7. Nbd2 Nc6 8. Re1
e5 9. a4 a5 10. Nc4 Be6 11. Na3 Na7 12. Ng5 Bd7 13. f4 Bg4 14. Nf3 Qd7 15. fxe5
dxe5 16. Nxe5 Qd4+ 17. Be3 Qxe5 18. Qd2 Rad8 19. Nc4 Qh5 20. Nxa5 Bh3 21. Nxb7
Rb8 22. Na5 Bxg2 23. Qxg2 Rxb2 24. Nc4 Nc6 25. Nxb2 Ng4 26. Nc4 1-0

[Event "AUTO-OPEN-3932"]
[Site "http://www.queenalice.com/game.php?id=1556787"]
[Date "2019.1.15"]
[Round "2"]
[White "Scharlatan"]
[Black "InnerPiece"]
[Result "0-1"]
[WhiteElo "2007"]
[BlackElo "2403"]

1. Nf3 d5 2. e3 c5 3. c4 Nf6 4. d4 e6 5. cxd5 exd5 6. Bb5+ Bd7 7. Qe2 Bd6 8. Nc3
a6 9. Bxd7+ Nbxd7 10. O-O O-O 11. Rd1 Re8 12. Qc2 Rc8 13. dxc5 Nxc5 14. Qd2 Nce4
15. Nxe4 dxe4 16. Nd4 Ng4 17. h3 Ne5 18. b3 Nd3 19. Bb2 Qg5 20. Ne2 Nxb2 21.
Qxb2 Re6 22. Rac1 Rce8 23. Kh1 Rg6 24. g3 Qf5 25. Nf4 Bxf4 26. exf4 Qxh3+ 27.
Kg1 e3 0-1

[Event "AUTO-OPEN-3941"]
[Site "http://www.queenalice.com/game.php?id=1561476"]
[Date "2019.2.19"]
[Round "3"]
[White "InnerPiece"]
[Black "avieytoa"]
[Result "1-0"]
[WhiteElo "2392"]
[BlackElo "1935"]

1. e4 e5 2. f4 Nc6 3. Nf3 Bc5 4. c3 d6 5. d4 exd4 6. cxd4 Bb4+ 7. Bd2 Bxd2+ 8.
Qxd2 Bg4 9. Be2 Nf6 10. Nc3 O-O 11. O-O h6 12. Rae1 Ne7 13. h3 Bh5 14. g4 Bg6
15. f5 Bh7 16. Kh1 c6 17. Rg1 Kh8 18. g5 Nfg8 19. Bd3 hxg5 20. Nxg5 f6 21. Ne6
Qc8 22. Rxg7 Qe8 23. Qg2 Rf7 24. Rg1 Rb8 25. Qg3 d5 26. Qh4 dxe4 27. Qxh7# 1-0

[Event "AUTO-OPEN-3941"]
[Site "http://www.queenalice.com/game.php?id=1561477"]
[Date "2019.2.19"]
[Round "3"]
[White "avieytoa"]
[Black "InnerPiece"]
[Result "0-1"]
[WhiteElo "1940"]
[BlackElo "2391"]

1. e4 c5 2. Nc3 g6 3. Nf3 Bg7 4. Bc4 Nc6 5. O-O e6 6. d3 Nge7 7. Bd2 O-O 8. a3
a6 9. Rb1 b5 10. Ba2 Bb7 11. Qe2 d6 12. Bg5 Qd7 13. h3 Rac8 14. Rfd1 Nd4 15. Qd2
Nxf3+ 16. gxf3 Nc6 17. Ne2 Ne5 18. Qe3 f6 19. Bh4 Nf7 20. Bg3 e5 21. h4 Kh8 22.
f4 d5 23. exd5 Bxd5 24. Bxd5 Qxd5 25. b3 Rce8 26. fxe5 Nxe5 27. Qf4 g5 28. c4
gxf4 29. cxd5 fxg3 30. fxg3 Bh6 31. Kg2 Ng4 32. Nf4 Bxf4 33. gxf4 Ne3+ 0-1

[Event "AUTO-OPEN-3935"]
[Site "http://www.queenalice.com/game.php?id=1564235"]
[Date "2019.3.14"]
[Round "3"]
[White "omega3"]
[Black "InnerPiece"]
[Result "0-1"]
[WhiteElo "2043"]
[BlackElo "2414"]

1. d4 d5 2. Nc3 Nf6 3. Bf4 e6 4. e3 c5 5. Nb5 Na6 6. c3 Be7 7. a4 O-O 8. h3 Ne4
9. Bd3 f5 10. Ne2 g5 11. Bh2 cxd4 12. cxd4 Bd7 13. Rc1 Qa5+ 14. Nec3 Nb4 15. O-O
Nxd3 16. Qxd3 Rac8 0-1

[Event "AUTO-OPEN-3935"]
[Site "http://www.queenalice.com/game.php?id=1564236"]
[Date "2019.3.14"]
[Round "3"]
[White "InnerPiece"]
[Black "omega3"]
[Result "1-0"]
[WhiteElo "2413"]
[BlackElo "2045"]

1. e4 c5 2. d3 g6 3. Nf3 Bg7 4. g3 d6 5. Bg2 Nc6 6. O-O e5 7. Nbd2 Nge7 8. a4
O-O 9. c3 h6 10. Rb1 Be6 11. b4 cxb4 12. cxb4 d5 13. b5 Na5 14. Bb2 1-0

[Event "AUTO-OPEN-3932"]
[Site "http://www.queenalice.com/game.php?id=1581383"]
[Date "2019.8.25"]
[Round "3"]
[White "InnerPiece"]
[Black "bonow"]
[Result "1/2-1/2"]
[WhiteElo "2420"]
[BlackElo "2257"]

1. e4 e5 2. f4 d6 3. Nf3 Nc6 4. d4 f5 5. Nc3 fxe4 6. Nxe4 exd4 7. Bb5 Bd7 8. O-O
d5 9. Neg5 Bc5 10. Kh1 Nge7 11. Re1 O-O 12. c3 dxc3 13. Qd3 Bf5 14. Qe2 cxb2 15.
Bxb2 Qd6 16. Bd3 Bb4 17. g4 Bxd3 18. Qxd3 Qh6 19. Re6 Ng6 20. Bc1 Nd8 21. Qxd5
Nxe6 22. Nxe6 Kh8 23. f5 Ne7 24. Qd4 Qf6 25. Rb1 Qxd4 26. Nfxd4 Nd5 27. Nxf8
Rxf8 28. a3 Bc3 29. Ne6 Rb8 30. Nf4 Nf6 31. g5 Ne4 32. Ne6 b6 33. Bf4 Re8 34.
Bxc7 g6 35. Nd8 Re7 36. Bf4 gxf5 37. Nc6 1/2-1/2

[Event "AUTO-OPEN-3932"]
[Site "http://www.queenalice.com/game.php?id=1581384"]
[Date "2019.8.25"]
[Round "3"]
[White "bonow"]
[Black "InnerPiece"]
[Result "0-1"]
[WhiteElo "2265"]
[BlackElo "2417"]

1. e4 c5 2. Nf3 Nc6 3. d4 cxd4 4. Nxd4 g6 5. Be3 Bg7 6. Nxc6 bxc6 7. c3 Nf6 8.
Nd2 O-O 9. Qa4 Qc7 10. Be2 d6 11. O-O Bd7 12. Rad1 Rfb8 13. Qc2 a5 14. h3 a4 15.
f3 Be6 16. a3 Qb7 17. Nc4 Bxc4 18. Bxc4 Qxb2 19. Qxb2 Rxb2 20. Rb1 Rab8 21. Rxb2
Rxb2 22. Rf2 Rb1+ 23. Rf1 Rb8 24. Ba7 Rb7 25. Be3 Nd7 26. Rc1 Ne5 27. Be2 Rb3
28. Bg5 Kf8 29. f4 Nd7 30. e5 Rxa3 31. Rd1 d5 32. c4 Nb6 33. cxd5 Nxd5 34. Bf3
f6 35. Bxd5 cxd5 36. Bh4 fxe5 37. fxe5 Bxe5 38. Rxd5 Bd6 39. Ra5 Ra2 40. Kf1 a3
41. Bf2 Rc2 42. Bd4 a2 43. Ra8+ Kf7 44. Ra7 Ke6 45. Ra5 Kd7 46. Ra7+ Kc6 47. Ra8
e5 48. Rc8+ Bc7 49. Bxe5 Kb7 50. Rxc7+ Rxc7 51. g3 a1=Q+ 52. Bxa1 Rc1+ 0-1